|
|
|
|
| LEADER |
01508nam a2200301 a 4500 |
| 001 |
GR-Patra25725 |
| 008 |
080602s2006 gr g b 001 0 eng d |
| 020 |
|
|
|a 9780124977822
|
| 040 |
|
|
|a GrPaTEI
|b gre
|c GR-PaULI
|
| 040 |
|
|
|a GrPaTEI
|b gre
|c GR-PaULI
|
| 082 |
|
0 |
|a 794.81526
|2 22
|
| 100 |
1 |
|
|a Millington, Ian.
|
| 245 |
1 |
0 |
|a Artificial intelligence for games /
|c Ian Millington.
|
| 260 |
|
|
|a San Francisco :
|b Elsevier,
|c c2006
|
| 300 |
|
|
|a xxxv, 856 σ. +
|e 1 cd-rom
|
| 490 |
1 |
|
|a The Morgan Kaufmann series in interactive 3D Technology
|
| 504 |
|
|
|a Περιλαμβάνει βιβλιογραφίες και ευρετήριο.
|
| 610 |
2 |
4 |
|a Παράρτημα Αμαλιάδος.
|b Τμήμα Εφαρμογών Πληροφορικής στη Διοίκηση και την Οικονομία
|
| 650 |
|
0 |
|a Artificial intelligence
|
| 650 |
|
0 |
|a Computer animation
|
| 650 |
|
0 |
|a Computer games
|x programming
|
| 710 |
0 |
|
|a Elsevier
|
| 830 |
|
0 |
|1 00125367
|1 2001
|a The Morgan Kaufmann series in interactive 3D technology
|
| 942 |
|
|
|2 ddc
|
| 952 |
|
|
|0 0
|1 0
|2 ddc
|4 0
|6 794_815260000000000_MIL
|7 0
|9 307845
|a LISK
|b LISK
|c BSC
|d 2021-01-17
|e 24
|f 0
|g 0.00
|l 0
|o 794.81526 MIL
|p 92410040843
|r 2021-01-17 00:00:00
|t 1
|w 2021-01-17
|y BK15
|x 20080602 0 1
|x GrPaTEI
|
| 952 |
|
|
|0 0
|1 0
|2 ddc
|4 0
|6 794_815260000000000_MIL
|7 1
|9 307846
|a LISK
|b LISK
|c BSC
|d 2021-01-17
|e 24
|f 0
|g 0.00
|l 0
|o 794.81526 MIL
|p 92410040844
|r 2021-01-17 00:00:00
|t 1
|w 2021-01-17
|y BKN
|x 20080602 0 0
|x GrPaTEI
|
| 971 |
|
|
|a .b2673297x
|b 15-04-20
|c 26-09-16
|
| 999 |
|
|
|c 177559
|d 177559
|